Text book of fluid mechanics (Record no. 10484)

000 -LEADER
fixed length control field 00445nam a22001817a 4500
001 - CONTROL NUMBER
control field 10484
003 - CONTROL NUMBER IDENTIFIER
control field BD-DhUET
008 - FIXED-LENGTH DATA ELEMENTS--GENERAL INFORMATION
fixed length control field 150207b xxu||||| |||| 00| 0 eng d
040 ## - CATALOGING SOURCE
Original cataloging agency DLC
Transcribing agency DLC
Modifying agency BD-DhUET
082 ## - DEWEY DECIMAL CLASSIFICATION NUMBER
Classification number 620.1113
Item number KHU/1987
100 ## - MAIN ENTRY--PERSONAL NAME
Personal name Khurmi, R. S.
245 ## - TITLE STATEMENT
Title Text book of fluid mechanics
250 ## - EDITION STATEMENT
Edition statement 14th ed.
260 ## - PUBLICATION, DISTRIBUTION, ETC. (IMPRINT)
Place of publication, distribution, etc. New York
Name of publisher, distributor, etc. S.Chand & Company
Date of publication, distribution, etc. 1987
300 ## - PHYSICAL DESCRIPTION
Extent 639p.
650 #0 - SUBJECT ADDED ENTRY--TOPICAL TERM
Topical term or geographic name as entry element Mechanics of Fluids
942 ## - ADDED ENTRY ELEMENTS (KOHA)
Koha item type General Book
Holdings
Source of classification or shelving scheme Price effective from Lost status Koha date last seen Koha normalized classification for sorting Piece designation (barcode) Location (home branch) Sublocation or collection (holding branch) Koha date last borrowed Koha item type Shelving location Koha full call number Date acquired Copy number Damaged status Withdrawn status Koha issues (times borrowed) Not for loan
 2015-02-07 2021-10-03620_111300000000000_KHU_198767950Central Library, BUETCentral Library, BUET2019-10-15General BookCirculation section620.1113/KHU/19872015-02-071  2 
 2015-02-07 2016-12-17620_111300000000000_KHU_198767948Central Library, BUETCentral Library, BUET General BookCirculation section620.1113/KHU/19872015-02-072    
 2015-04-22 2019-04-24620_111300000000000_KHU_198767946Central Library, BUETCentral Library, BUET2017-08-19General BookCirculation section620.1113/KHU/19872015-04-223  1